O reklame, médiách a komunikácii

Z obsahu sekcie C: Názory a komentáre. Reklama v regiónoch. Adaptácie kampaní. Firmy a ich komunikácia. Trh médií. Realizácia kreatívnych riešení. Prieskumy. Kalendár výstav.

Uložené v:
Podrobná bibliografia
Médium: Kapitola
Jazyk:Slovak
Predmet:
Tagy: Pridať tag
Žiadne tagy, Buďte prvý, kto otaguje tento záznam!

MARC

LEADER 00000naa a2200000 4500
001 r020621
005 20221205103034.2
041 0 |a slo 
044 |a SK 
245 1 0 |a O reklame, médiách a komunikácii 
520 |a Z obsahu sekcie C: Názory a komentáre. Reklama v regiónoch. Adaptácie kampaní. Firmy a ich komunikácia. Trh médií. Realizácia kreatívnych riešení. Prieskumy. Kalendár výstav. 
610 2 0 |a reklama 
610 2 0 |a agentúry 
610 2 0 |a firmy 
610 2 0 |a tvorba reklamy 
610 2 0 |a regióny 
610 2 0 |a Vitana Slovensko, s.r.o. 
610 2 0 |a inzercia 
610 2 0 |a výdavky 
610 2 0 |a médiá 
610 2 0 |a komunikácia 
610 2 0 |a veľtrhy 
610 2 0 |a výstavy 
610 2 0 |a prostriedky reklamné